Bigger than Sudan - Statistics

General Stats
  • This quiz has been taken 36 times
  • The average score is 11 of 15
Answer Stats
Hint Answer % Correct
2 Canada
100%
1 Russia
100%
3 Usa
100%
8 Argentina
89%
5 Brazil
89%
4 China
89%
6 Australia
78%
14 Mexico
78%
10 Algeria
72%
7 India
67%
9 Kazakhstan
67%
15 Indonesia
56%
11 Drc
50%
13 Saudi Arabia
28%
12 Denmark
17%
No matching quizzes found
Score Distribution
Percent of People with Each Score
Percentile by Number Answered
Your Score History
You have not taken this quiz